EU4 A-Z - Statistics

General Stats
  • This quiz has been taken 239 times
  • The average score is 17 of 26
Answer Stats
Letter Hint Answer % Correct
B German nation often used to form Prussia Brandenburg
98%
C Great projects in Holstein, Panama and Suez Canal
95%
G Iberian nation Grenada
91%
K Government rank Kingdom
90%
H Englands ruler in 1444, with 0 adm/0 dip/0 mil Henry IV Lancaster
88%
V Most common form of subject nation Vassal
88%
F Value representing how many units your nation is able to have Force Limit
86%
X Releasable nation in China Xi
80%
P Mechanic rewarding nations for acting aggressively against their rivals Power Projection
79%
Y Formable nation in China Yuan
79%
N Pagan religion Norse/Nahuatl
77%
A Mechanic representing how ruthless and efficient the government is Absolutism
73%
Z African nation with militarization mechanic Zulu
71%
M New idea group introduced in 1.35, Domination Mercenary ideas
62%
I Trade good with a Trade Station as its corresponding manufactory Ivory/Incence
56%
O Irish minor with a tree on their flag Offaly
56%
S Daimyo with the option to become a pirate republic in the first few years of the game So
54%
T Administrative advisor Theologian/Treasurer
54%
J Easter egg nation, summoned using the 'bearhaslanded' command Jan Mayen
52%
E DLC with a focus on the new world. Contains the treaty of Tordesillas, gold fleets, nation designer, etc. El Dorado
50%
R Event where two advisors get fired and you recieve 200 adm and 200 dip power Radical Reforms
40%
W Special CB for pirate nations War against the world
38%
D Name change for danzig, added in Lions of the North Ducal Prussia
36%
L Nation which missions can give you one of 15 unique government reforms Livonian Order
35%
U Disaster for the empire of China Unguarded Nomadic Frontier
34%
Q North American native with an achievment to take Anjou and make it their capital Quizquiz
25%
No matching quizzes found
Score Distribution
Percent of People with Each Score
Percentile by Number Answered
Your Score History
You have not taken this quiz